top 100 pr global fortnite pros - Statistics

General Stats
  • This quiz has been taken 42 times
  • The average score is 33 of 100
Answer Stats
# Nation ORG Answer % Correct
9 USA Falcons peterbot
97%
8 USA XSET clix
92%
46 UK XSET veno
85%
15 USA Dignitas khanada
82%
12 Mexico Falcons pollo
79%
66 USA Twisted Minds cold
77%
3 USA XSET higgs
77%
14 Australia XSET muz
74%
23 Austria BIG vico
74%
10 Serbia/Russia BIG malibuca
72%
1 Canada Elite eomzo
69%
6 Denmark Atlantic scroll
69%
37 Denmark Atlantic sky
69%
48 Sweden Havok pixie
64%
7 Canada Twisted Minds acorn
62%
41 Japan ZETA koyota
62%
39 Romania Aurora shxrk
62%
31 Poland ROC kami
59%
16 France Gentle Mates Kurama
59%
4 Canada Twisted Minds rapid
56%
53 Denmark Virtus Pro thomashd
56%
29 France Gentle Mates akiira
54%
22 Israel Virtus Pro focus
54%
51 Norway Havok idrop
54%
43 Denmark Gentle Mates mariuscow
54%
89 Russia Vitality swizzy
54%
18 USA Gen.G ajerss
51%
5 USA Twisted Minds boltz
51%
44 USA Dignitas cooper
51%
21 Poland T1 darm
51%
64 Poland T1 darm
51%
70 Denmark Havok tjino
49%
24 USA KOS curve
46%
33 Germany None flickzy
46%
59 Demark Havok pablowingu
46%
50 USA JOGO reet
46%
11 USA Gen.G ritual
46%
40 Slovenia Aurora t3eny
46%
32 USA None joshreyli
44%
38 Japan ZETA yuma
38%
34 Switzerland None chap
36%
47 Russia None panzer
36%
13 Poland ROC charyy
33%
20 USA None sphinx
33%
54 USA None victerv
33%
26 Australia JOGO oatley
31%
57 USA None rise
31%
63 Japan Riddle rise
31%
27 USA Dignitas ark
26%
19 USA None epikwhale
26%
99 Australia PWR anon
23%
25 UK XP42 cr1nge
21%
91 Saudi Arabia None fks
21%
80 Australia Blaze wreckless
21%
98 Brazil FURIA 916Gon
18%
100 USA None curly
18%
72 Saudi Arabia AlUla hero
18%
45 Japan ZETA minipiyo
18%
2 USA Elite pxmp
18%
36 USA Sorin shadow
18%
60 USA None threats
18%
62 Japan Crazy Racoon job
15%
68 Australia JFT tinka
15%
67 Australia None vazen
15%
35 USA Sorin vergo
15%
42 Australia None zdog
15%
95 Australia TRKF aspect
13%
28 USA None Bacca
13%
61 Australia TRKF cazi
13%
74 USA Pulsar channce
13%
30 Japan QT DIG fuukun
13%
85 Argentina None lewa
13%
94 Brazil FURIA night
13%
17 USA None parz
13%
78 Argentina None Romero
13%
73 Australia None danath
10%
77 USA 7VEN gmoney
10%
90 Brazil 7VEN kchorro
10%
69 Japan QT DIG lily
10%
56 USA None osydd
10%
79 USA None phoenix
10%
55 USA None raygun
10%
86 USA None salko
10%
49 USA None scare
10%
65 Saudi Arabia None bysalva
8%
75 Brazil Prodigy mack
8%
52 Japan None meah
8%
88 Brazil MBI nuti
8%
83 USA Honor silxzys
8%
93 Brazil None thefeloz6
8%
76 Brazil F4TALITY kaykywhale
5%
97 Ukraine OneUp larccoz
5%
87 Australia None mase
5%
81 Saudi Arabia None rew
5%
84 Japan ZYNBL rura
5%
92 Australia Hawk xavier
5%
96 Bahrain ROC 7man1x
3%
71 Japan None かめてぃん/kametin
3%
82 Australia None mace
3%
58 Australia PWR resingz
3%
No matching quizzes found
Score Distribution
Percent of People with Each Score
Percentile by Number Answered
Your Score History
You have not taken this quiz